000 00903cam a2200265 4500
001 ABS63567
008 000000n2001 000 0 eng u
035 _a(Sirsi) u111067
100 _aGrice, N.
245 _aPower gains
260 _c2001
490 _aPremises and Facilities Management
_vFebruary 2001, 17-18(2)
520 _aThe Climate Change Levy means every business will pay a tax on the use of electricity, gas and coal, part of government's commitment to reduce carbon dioxide emissions. Outlines details of the tax, how the effect of the tax can be reduced, and the benefits available.
590 _aABS
650 _aCLIMATE CHANGE LEVY
650 _aELECTRICITY
650 _aCOAL
650 _aGAS
650 _aCARBON DIOXIDE EMISSIONS
650 _aBUSINESSES
650 _aENERGY EFFICIENCY
650 _aTAX REGIME
690 _aEnvironment
_96238
942 _n0
999 _c66170
_d66170